|
|
|
|
| LEADER |
00000nam a2200000 a 4500 |
| 001 |
UCX3504 |
| 003 |
CL-VaPUC |
| 008 |
911111e19590000CL |||||||||||||||||spa|d |
| 082 |
0 |
4 |
|a Ch861
|b MON
|2 21
|
| 100 |
|
|
|a Montes Brunet, Hugo
|e autor
|9 416030
|
| 245 |
1 |
0 |
|a Delgada lumbre
|
| 300 |
|
|
|a 31 p
|
| 942 |
|
|
|c BK
|
| 945 |
|
|
|d 19911111 00:00:00
|
| 260 |
|
|
|a Santiago
|b Alerce
|c 1959
|
| 650 |
|
0 |
|a Poesías chilenas
|9 265280
|
| 583 |
|
|
|a last modification
|c 19911111 00:00:00
|k Rodrigo Vera
|
| 999 |
|
|
|c 224243
|d 224241
|
| 952 |
|
|
|0 0
|1 0
|4 0
|6 CH_861_000000000000000_MON_1959
|7 0
|8 A
|9 220755
|a BIBEDU
|b BIBEDU
|d 2019-11-15
|i 2894947
|o Ch861 MON 1959
|p 2894947
|r 2019-11-15
|w 2019-11-15
|y BK
|k LIT
|